| 000 | 00714cam a2200253 4500 | ||
|---|---|---|---|
| 001 | M2200 | ||
| 008 | 090401t1996 xxu||||| |||| 00| 0 eng d | ||
| 035 | _a(Sirsi) u37146 | ||
| 041 | _aeng | ||
| 050 | _a333.73 | ||
| 090 | _aRICS 1996/86ABC | ||
| 110 |
_aRoyal Institution of Chartered Surveyors _94900 |
||
| 245 | _aConsultation on draft contamination observation checklist. | ||
| 260 |
_aLondon _bRICS _c1996 |
||
| 300 | _a(4)p. ; 30cm. | ||
| 350 | _a0 | ||
| 520 | _aFor final version see 0854068392 1997/74. | ||
| 650 | _aCONTAMINATED LAND | ||
| 650 | _aPROPERTY OBSERVATION CHECKLIST | ||
| 650 | _aSURVEYING | ||
| 690 | _aENVIRONMENTAL AND LAND CONSULTANCY | ||
| 942 | _n0 | ||
| 948 | _c04/03/1997 | ||
| 999 |
_c90444 _d90444 |
||